[Event "DEM U12 2025"]
[Site "Willingen GER"]
[Date "2025.06.12"]
[Round "7"]
[White "Fels, Mattis"]
[Black "Spielmann, Jan"]
[Result "1/2-1/2"]
[Termination "normal"]
[Board "26"]
[WhiteElo "1758"]
[BlackElo "1667"]
[WhiteClock "00:14:02"]
[BlackClock "00:17:55"]
[PlyCount "119"]
[WhiteFideId "34623795"]
[BlackFideId "34680039"]
[EventCountry "GER"]
[EventRounds "9"]
[EventType "swiss"]
[EventDate "2025.06.07"]

1. d4 {[%clk 01:30:59]} {[%emt 17:17:21]} c5 {[%clk 01:30:52]} {[%emt
00:00:08]} 2. d5 {[%clk 01:31:19]} {[%emt 00:00:11]} g6 {[%clk 01:31:14]}
{[%emt 00:00:06]} 3. Nc3 {[%clk 01:31:42]} {[%emt 00:00:08]} Bg7 {[%clk
01:31:36]} {[%emt 00:00:09]} 4. e4 {[%clk 01:32:09]} {[%emt 00:00:03]} d6
{[%clk 01:31:43]} {[%emt 00:00:23]} 5. Bb5+ {[%clk 01:32:22]} {[%emt 00:00:17]}
Bd7 {[%clk 01:31:55]} {[%emt 00:00:17]} 6. Nf3 {[%clk 01:32:11]} {[%emt
00:00:41]} Bxb5 {[%clk 01:30:16]} {[%emt 00:02:10]} 7. Nxb5 {[%clk 01:32:28]}
{[%emt 00:00:13]} a6 {[%clk 01:26:22]} {[%emt 00:04:24]} 8. Nc3 {[%clk
01:32:51]} {[%emt 00:00:06]} Nd7 {[%clk 01:24:37]} {[%emt 00:02:16]} 9. O-O
{[%clk 01:32:48]} {[%emt 00:00:33]} Ngf6 {[%clk 01:22:23]} {[%emt 00:02:44]}
10. a4 {[%clk 01:32:05]} {[%emt 00:01:13]} O-O {[%clk 01:20:06]} {[%emt
00:02:46]} 11. Nd2 {[%clk 01:32:20]} {[%emt 00:00:16]} Rb8 {[%clk 01:16:22]}
{[%emt 00:04:13]} 12. Qe2 {[%clk 01:31:37]} {[%emt 00:01:13]} Ne8 {[%clk
01:06:18]} {[%emt 00:10:35]} 13. f4 {[%clk 01:28:06]} {[%emt 00:04:01]} Bxc3
{[%clk 00:42:52]} {[%emt 00:23:54]} 14. bxc3 {[%clk 01:27:42]} {[%emt
00:00:55]} Nc7 {[%clk 00:40:02]} {[%emt 00:03:21]} 15. Nc4 {[%clk 01:24:44]}
{[%emt 00:03:28]} f5 {[%clk 00:37:58]} {[%emt 00:02:33]} 16. exf5 {[%clk
01:10:49]} {[%emt 00:14:25]} Rxf5 {[%clk 00:36:52]} {[%emt 00:01:36]} 17. Ne3
{[%clk 01:10:33]} {[%emt 00:00:47]} Rf7 {[%clk 00:32:40]} {[%emt 00:04:40]} 18.
Bb2 {[%clk 01:09:24]} {[%emt 00:01:40]} Nf6 {[%clk 00:29:05]} {[%emt 00:04:05]}
19. f5 {[%clk 01:08:06]} {[%emt 00:01:49]} Qf8 {[%clk 00:16:12]} {[%emt
00:13:22]} 20. fxg6 {[%clk 01:02:41]} {[%emt 00:05:55]} hxg6 {[%clk 00:16:36]}
{[%emt 00:00:07]} 21. c4 {[%clk 01:02:36]} {[%emt 00:00:35]} Qh6 {[%clk
00:11:18]} {[%emt 00:05:47]} 22. Rf3 {[%clk 00:57:42]} {[%emt 00:05:25]} Rbf8
{[%clk 00:10:02]} {[%emt 00:01:46]} 23. Raf1 {[%clk 00:54:23]} {[%emt
00:03:47]} Nh5 {[%clk 00:07:40]} {[%emt 00:02:54]} 24. Ng4 {[%clk 00:46:36]}
{[%emt 00:08:17]} Qg5 {[%clk 00:07:01]} {[%emt 00:01:09]} 25. Rxf7 {[%clk
00:26:11]} {[%emt 00:20:54]} Rxf7 {[%clk 00:06:46]} {[%emt 00:00:46]} 26. Rxf7
{[%clk 00:24:25]} Kxf7 {[%clk 00:07:11]} {[%emt 00:02:20]} 27. Qf3+ {[%clk
00:24:22]} {[%emt 00:00:33]} Qf4 {[%clk 00:07:26]} {[%emt 00:00:15]} 28. Nh6+
{[%clk 00:22:32]} {[%emt 00:02:20]} Kf8 {[%clk 00:04:58]} {[%emt 00:02:59]} 29.
Qxf4+ {[%clk 00:22:16]} {[%emt 00:00:45]} Nxf4 {[%clk 00:05:22]} {[%emt
00:00:06]} 30. Kf2 {[%clk 00:22:36]} {[%emt 00:00:11]} b5 {[%clk 00:05:09]}
{[%emt 00:00:44]} 31. Kf3 {[%clk 00:22:18]} {[%emt 00:00:47]} Nh5 {[%clk
00:05:31]} {[%emt 00:00:07]} 32. axb5 {[%clk 00:21:55]} {[%emt 00:00:55]} axb5
{[%clk 00:05:56]} {[%emt 00:00:05]} 33. cxb5 {[%clk 00:22:14]} {[%emt
00:00:11]} Nxb5 {[%clk 00:06:21]} {[%emt 00:00:05]} 34. c4 {[%clk 00:22:42]}
{[%emt 00:00:01]} Nd4+ {[%clk 00:06:06]} {[%emt 00:00:45]} 35. Bxd4 {[%clk
00:22:11]} {[%emt 00:01:01]} cxd4 {[%clk 00:06:31]} {[%emt 00:00:05]} 36. Ke4
{[%clk 00:22:05]} {[%emt 00:00:37]} Nf6+ {[%clk 00:06:54]} {[%emt 00:00:05]}
37. Kf3 {[%clk 00:19:48]} {[%emt 00:02:47]} d3 {[%clk 00:03:06]} {[%emt
00:04:19]} 38. g4 {[%clk 00:19:40]} {[%emt 00:00:38]} d2 {[%clk 00:02:54]}
{[%emt 00:00:45]} 39. Ke2 {[%clk 00:20:07]} {[%emt 00:00:01]} Kg7 {[%clk
00:03:01]} {[%emt 00:00:22]} 40. g5 {[%clk 00:20:29]} {[%emt 00:00:08]} Ne4
{[%clk 00:03:25]} {[%emt 00:00:06]} 41. h4 {[%clk 00:20:15]} {[%emt 00:00:44]}
Kf8 {[%clk 00:30:08]} {[%emt 00:03:47]} 42. Ng4 {[%clk 00:48:43]} {[%emt
00:02:03]} Ng3+ {[%clk 00:30:25]} {[%emt 00:00:11]} 43. Kxd2 {[%clk 00:48:11]}
{[%emt 00:01:02]} Nf5 {[%clk 00:27:09]} {[%emt 00:03:45]} 44. Nf2 {[%clk
00:28:34]} {[%emt 00:20:08]} Nxh4 {[%clk 00:27:01]} {[%emt 00:00:37]} 45. Kc3
{[%clk 00:28:54]} {[%emt 00:00:11]} Nf3 {[%clk 00:21:38]} {[%emt 00:05:52]} 46.
Ne4 {[%clk 00:29:04]} {[%emt 00:00:21]} Ke8 {[%clk 00:21:54]} {[%emt 00:00:15]}
47. c5 {[%clk 00:28:28]} {[%emt 00:01:06]} dxc5 {[%clk 00:21:55]} {[%emt
00:00:30]} 48. Kc4 {[%clk 00:28:48]} {[%emt 00:00:10]} Kd8 {[%clk 00:21:40]}
{[%emt 00:00:46]} 49. Kxc5 {[%clk 00:27:23]} {[%emt 00:01:53]} Kc7 {[%clk
00:21:59]} {[%emt 00:00:11]} 50. Kc4 {[%clk 00:24:38]} {[%emt 00:03:16]} Kd7
{[%clk 00:19:52]} {[%emt 00:02:38]} 51. Kd3 {[%clk 00:21:07]} {[%emt 00:04:00]}
Ne5+ {[%clk 00:18:12]} {[%emt 00:02:10]} 52. Kd4 {[%clk 00:20:23]} {[%emt
00:01:14]} Nf3+ {[%clk 00:18:23]} {[%emt 00:00:19]} 53. Ke3 {[%clk 00:20:32]}
{[%emt 00:00:21]} Ne5 {[%clk 00:18:40]} {[%emt 00:00:12]} 54. Nf2 {[%clk
00:17:13]} {[%emt 00:03:49]} Nf7 {[%clk 00:18:12]} {[%emt 00:00:59]} 55. Nh3
{[%clk 00:17:03]} {[%emt 00:00:39]} Kd6 {[%clk 00:17:30]} {[%emt 00:01:13]} 56.
Ke4 {[%clk 00:14:09]} {[%emt 00:03:23]} e6 {[%clk 00:16:50]} {[%emt 00:01:11]}
57. dxe6 {[%clk 00:13:17]} {[%emt 00:01:22]} Kxe6 {[%clk 00:17:13]} {[%emt
00:00:07]} 58. Nf4+ {[%clk 00:13:38]} {[%emt 00:00:09]} Kd6 {[%clk 00:17:35]}
{[%emt 00:00:09]} 59. Nxg6 {[%clk 00:13:44]} {[%emt 00:00:23]} Nxg5+ {[%clk
00:17:55]} {[%emt 00:00:09]} 60. Kd4 {[%clk 00:14:02]} {[%emt 00:00:14]}
1/2-1/2

[Event "DEM U12 2025"]
[Site "Willingen GER"]
[Date "2025.06.12"]
[Round "7"]
[White "Nikonenko, Tymofii"]
[Black "Martin Fernandez, Félix"]
[Result "0-1"]
[Termination "normal"]
[Board "27"]
[WhiteElo "1495"]
[BlackElo "1723"]
[WhiteClock "00:18:04"]
[BlackClock "00:30:23"]
[PlyCount "116"]
[WhiteFideId "34166246"]
[BlackFideId "34605622"]
[EventCountry "GER"]
[EventRounds "9"]
[EventType "swiss"]
[EventDate "2025.06.07"]

1. d4 {[%clk 01:30:48]} {[%emt 00:00:12]} Nf6 {[%clk 01:30:55]} {[%emt
00:00:06]} 2. c4 {[%clk 01:31:08]} {[%emt 00:00:10]} c5 {[%clk 01:31:22]}
{[%emt 00:00:03]} 3. d5 {[%clk 01:31:34]} {[%emt 00:00:04]} b5 {[%clk
01:31:45]} {[%emt 00:00:06]} 4. Nc3 {[%clk 01:31:45]} {[%emt 00:00:18]} b4
{[%clk 01:30:00]} {[%emt 00:02:16]} 5. Na4 {[%clk 01:31:49]} {[%emt 00:00:26]}
d6 {[%clk 01:30:00]} {[%emt 00:00:31]} 6. Nf3 {[%clk 01:29:11]} {[%emt
00:03:07]} g6 {[%clk 01:29:56]} {[%emt 00:00:34]} 7. Bg5 {[%clk 01:26:05]}
{[%emt 00:03:35]} Bg7 {[%clk 01:28:10]} {[%emt 00:02:17]} 8. Nd2 {[%clk
01:22:42]} {[%emt 00:03:54]} O-O {[%clk 01:22:32]} {[%emt 00:06:08]} 9. e4
{[%clk 01:18:40]} {[%emt 00:04:31]} Nbd7 {[%clk 01:22:44]} {[%emt 00:00:18]}
10. Rb1 {[%clk 01:17:32]} {[%emt 00:01:38]} h6 {[%clk 01:20:05]} {[%emt
00:03:09]} 11. Bh4 {[%clk 01:17:48]} {[%emt 00:00:14]} Nb6 {[%clk 01:16:43]}
{[%emt 00:03:53]} 12. Bd3 {[%clk 01:17:10]} {[%emt 00:01:07]} Bd7 {[%clk
01:14:54]} {[%emt 00:02:19]} 13. Bc2 {[%clk 01:15:10]} {[%emt 00:02:31]} Qc8
{[%clk 01:10:31]} {[%emt 00:04:51]} 14. Nxb6 {[%clk 01:14:17]} {[%emt
00:01:29]} axb6 {[%clk 01:10:56]} 15. Bb3 {[%clk 01:14:42]} {[%emt 00:00:05]}
Qb7 {[%clk 01:05:58]} {[%emt 00:05:28]} 16. O-O {[%clk 01:07:36]} {[%emt
00:07:35]} b5 {[%clk 01:01:26]} {[%emt 00:05:10]} 17. Ra1 {[%clk 01:03:03]}
{[%emt 00:04:56]} bxc4 {[%clk 00:51:59]} {[%emt 00:09:57]} 18. Bxc4 {[%clk
01:01:33]} {[%emt 00:01:59]} Bb5 {[%clk 00:50:37]} {[%emt 00:01:52]} 19. Qc2
{[%clk 00:58:17]} {[%emt 00:03:47]} Ra7 {[%clk 00:45:02]} {[%emt 00:06:04]} 20.
Rfe1 {[%clk 00:56:50]} {[%emt 00:01:57]} Bxc4 {[%clk 00:39:19]} {[%emt
00:06:14]} 21. Nxc4 {[%clk 00:56:42]} {[%emt 00:00:39]} Rfa8 {[%clk 00:36:10]}
{[%emt 00:03:38]} 22. a3 {[%clk 00:56:01]} {[%emt 00:01:12]} Ng4 {[%clk
00:31:45]} {[%emt 00:05:05]} 23. Bg3 {[%clk 00:55:25]} {[%emt 00:00:56]} bxa3
{[%clk 00:27:25]} {[%emt 00:04:50]} 24. Nxa3 {[%clk 00:49:23]} {[%emt
00:06:32]} Qxb2 {[%clk 00:26:31]} {[%emt 00:01:23]} 25. Qxb2 {[%clk 00:46:09]}
{[%emt 00:03:44]} Bxb2 {[%clk 00:26:56]} {[%emt 00:00:06]} 26. Ra2 {[%clk
00:46:33]} {[%emt 00:00:06]} Bxa3 {[%clk 00:27:17]} {[%emt 00:00:08]} 27. Rea1
{[%clk 00:46:59]} {[%emt 00:00:04]} c4 {[%clk 00:25:45]} {[%emt 00:02:02]} 28.
Kf1 {[%clk 00:47:06]} {[%emt 00:00:23]} Bc5 {[%clk 00:26:05]} {[%emt 00:00:09]}
29. Rxa7 {[%clk 00:47:26]} {[%emt 00:00:11]} Rxa7 {[%clk 00:26:31]} {[%emt
00:00:04]} 30. Rxa7 {[%clk 00:47:48]} {[%emt 00:00:08]} Bxa7 {[%clk 00:26:58]}
{[%emt 00:00:03]} 31. f3 {[%clk 00:48:10]} {[%emt 00:00:08]} Ne3+ {[%clk
00:27:04]} {[%emt 00:00:24]} 32. Ke2 {[%clk 00:48:37]} {[%emt 00:00:03]} Nxg2
{[%clk 00:26:10]} {[%emt 00:01:25]} 33. h4 {[%clk 00:48:53]} {[%emt 00:00:13]}
g5 {[%clk 00:26:13]} {[%emt 00:00:27]} 34. hxg5 {[%clk 00:49:10]} {[%emt
00:00:13]} hxg5 {[%clk 00:26:39]} {[%emt 00:00:03]} 35. Kd2 {[%clk 00:49:31]}
{[%emt 00:00:10]} Nf4 {[%clk 00:26:29]} {[%emt 00:00:39]} 36. Bxf4 {[%clk
00:49:20]} {[%emt 00:00:42]} gxf4 {[%clk 00:26:56]} {[%emt 00:00:04]} 37. Kc3
{[%clk 00:49:43]} {[%emt 00:00:06]} Kg7 {[%clk 00:26:59]} {[%emt 00:00:26]} 38.
Kxc4 {[%clk 00:50:08]} {[%emt 00:00:05]} Kf6 {[%clk 00:27:04]} {[%emt
00:00:25]} 39. Kb5 {[%clk 00:50:15]} {[%emt 00:00:24]} Ke5 {[%clk 00:26:21]}
{[%emt 00:01:13]} 40. Kc6 {[%clk 00:44:25]} {[%emt 00:06:19]} Kd4 {[%clk
00:24:20]} {[%emt 00:02:32]} 41. Kd7 {[%clk 00:39:40]} {[%emt 00:05:15]} Ke3
{[%clk 00:24:44]} {[%emt 00:00:06]} 42. Kxe7 {[%clk 00:40:06]} {[%emt
00:00:04]} Bc5 {[%clk 00:25:10]} {[%emt 00:00:04]} 43. Kxf7 {[%clk 00:24:06]}
{[%emt 00:16:30]} Kxf3 {[%clk 00:24:57]} {[%emt 00:00:43]} 44. e5 {[%clk
00:12:11]} {[%emt 00:12:25]} dxe5 {[%clk 00:25:20]} {[%emt 00:00:10]} 45. Ke6
{[%clk 00:12:38]} Ke4 {[%clk 00:25:21]} {[%emt 00:00:28]} 46. d6 {[%clk
00:13:04]} {[%emt 00:00:05]} Bxd6 {[%clk 00:25:47]} {[%emt 00:00:04]} 47. Kxd6
{[%clk 00:13:25]} {[%emt 00:00:09]} f3 {[%clk 00:26:12]} {[%emt 00:00:05]} 48.
Ke6 {[%clk 00:13:51]} {[%emt 00:00:03]} f2 {[%clk 00:26:38]} {[%emt 00:00:28]}
49. Ke7 {[%clk 00:14:19]} f1=Q 50. Ke6 {[%clk 00:14:47]} Qf5+ {[%clk 00:27:21]}
51. Kd6 {[%clk 00:15:14]} {[%emt 00:00:01]} Kd4 {[%clk 00:27:38]} {[%emt
00:00:12]} 52. Kc6 {[%clk 00:15:42]} {[%emt 00:00:04]} Qe6+ {[%clk 00:28:00]}
{[%emt 00:00:06]} 53. Kc7 {[%clk 00:16:09]} {[%emt 00:00:04]} Kc5 {[%clk
00:28:20]} {[%emt 00:00:09]} 54. Kb7 {[%clk 00:16:34]} {[%emt 00:00:06]} Qc6+
{[%clk 00:28:41]} {[%emt 00:00:09]} 55. Ka7 {[%clk 00:16:57]} {[%emt 00:00:06]}
Qb6+ {[%emt 00:00:15]} 56. Ka8 {[%clk 00:17:22]} Qb5 {[%clk 00:29:31]} 57. Ka7
{[%clk 00:17:46]} {[%emt 00:00:07]} Kc6 {[%clk 00:29:57]} {[%emt 00:00:04]} 58.
Ka8 {[%clk 00:18:04]} {[%emt 00:00:12]} Qb7# {[%clk 00:30:23]} {[%emt
00:00:03]} 0-1

[Event "DEM U12 2025"]
[Site "Willingen GER"]
[Date "2025.06.12"]
[Round "7"]
[White "Ishcenko, Volodymyr"]
[Black "Prashanthakumar, Arnesh"]
[Result "1-0"]
[Termination "normal"]
[Board "28"]
[WhiteElo "1528"]
[BlackElo "1564"]
[WhiteClock "00:00:32"]
[BlackClock "00:23:58"]
[PlyCount "99"]
[WhiteFideId "34660208"]
[BlackFideId "34604073"]
[EventCountry "GER"]
[EventRounds "9"]
[EventType "swiss"]
[EventDate "2025.06.07"]

1. e4 {[%clk 01:30:58]} {[%emt 00:00:02]} c5 {[%clk 01:30:53]} {[%emt
00:00:06]} 2. Nf3 {[%clk 01:31:23]} {[%emt 00:00:05]} d6 {[%clk 01:31:18]}
{[%emt 00:00:05]} 3. d4 {[%clk 01:31:49]} {[%emt 00:00:05]} cxd4 {[%clk
01:31:41]} {[%emt 00:00:06]} 4. Qxd4 {[%clk 01:32:11]} {[%emt 00:00:09]} Nc6
{[%clk 01:31:57]} {[%emt 00:00:13]} 5. Bb5 {[%clk 01:32:31]} {[%emt 00:00:12]}
Bd7 {[%clk 01:31:56]} {[%emt 00:00:29]} 6. Bxc6 {[%clk 01:32:52]} {[%emt
00:00:10]} Bxc6 {[%clk 01:32:06]} {[%emt 00:00:19]} 7. O-O {[%clk 01:31:35]}
{[%emt 00:01:47]} Nf6 {[%clk 01:31:35]} {[%emt 00:01:02]} 8. e5 {[%clk
01:25:58]} {[%emt 00:06:07]} dxe5 {[%clk 01:28:43]} {[%emt 00:03:22]} 9. Qxd8+
{[%clk 01:25:54]} {[%emt 00:00:34]} Rxd8 {[%clk 01:28:48]} {[%emt 00:00:24]}
10. Nxe5 {[%clk 01:26:14]} {[%emt 00:00:10]} Be4 {[%clk 01:28:31]} {[%emt
00:00:47]} 11. c3 {[%clk 01:18:52]} {[%emt 00:07:51]} Rd5 {[%clk 01:25:47]}
{[%emt 00:03:16]} 12. f4 {[%clk 01:12:29]} {[%emt 00:06:51]} g6 {[%clk
01:22:39]} {[%emt 00:03:39]} 13. c4 {[%clk 01:06:34]} {[%emt 00:06:25]} Rd8
{[%clk 01:18:55]} {[%emt 00:04:15]} 14. Nc3 {[%clk 01:01:59]} {[%emt 00:05:04]}
Bg7 {[%clk 01:16:52]} {[%emt 00:02:33]} 15. Re1 {[%clk 00:47:22]} {[%emt
00:15:07]} Bc6 {[%clk 01:11:12]} {[%emt 00:06:10]} 16. Be3 {[%clk 00:42:24]}
{[%emt 00:05:29]} a6 {[%clk 01:09:09]} {[%emt 00:02:34]} 17. Nxc6 {[%clk
00:36:44]} {[%emt 00:06:09]} bxc6 {[%clk 01:08:27]} {[%emt 00:01:11]} 18. Bc5
{[%clk 00:31:29]} {[%emt 00:05:45]} e6 {[%clk 01:05:47]} {[%emt 00:03:11]} 19.
Rad1 {[%clk 00:31:09]} {[%emt 00:00:46]} Nd7 {[%clk 01:03:07]} {[%emt
00:03:12]} 20. Bd4 {[%clk 00:28:30]} {[%emt 00:03:09]} O-O {[%clk 01:00:40]}
{[%emt 00:02:58]} 21. Bxg7 {[%clk 00:28:11]} {[%emt 00:00:50]} Kxg7 {[%clk
00:59:07]} {[%emt 00:02:02]} 22. Rd6 {[%clk 00:28:31]} {[%emt 00:00:09]} Nb8
{[%clk 00:51:12]} {[%emt 00:08:26]} 23. Red1 {[%clk 00:27:57]} {[%emt
00:01:03]} Rde8 {[%clk 00:49:26]} {[%emt 00:02:17]} 24. Ne4 {[%clk 00:17:59]}
{[%emt 00:10:28]} e5 {[%clk 00:46:29]} {[%emt 00:03:27]} 25. Nf6 {[%clk
00:16:18]} {[%emt 00:02:10]} Re6 {[%clk 00:40:51]} {[%emt 00:06:09]} 26. Rxe6
{[%clk 00:16:13]} {[%emt 00:00:34]} fxe6 {[%clk 00:41:06]} {[%emt 00:00:16]}
27. fxe5 {[%clk 00:16:28]} {[%emt 00:00:14]} Rf7 {[%clk 00:40:02]} {[%emt
00:01:34]} 28. Rd8 {[%clk 00:10:16]} {[%emt 00:06:37]} Rb7 {[%clk 00:39:10]}
{[%emt 00:01:27]} 29. b3 {[%clk 00:04:33]} {[%emt 00:06:12]} a5 {[%clk
00:34:07]} {[%emt 00:05:35]} 30. Re8 {[%clk 00:00:33]} {[%emt 00:04:30]} Kf7
{[%clk 00:34:17]} {[%emt 00:00:19]} 31. Rh8 {[%clk 00:00:43]} {[%emt 00:00:19]}
Rb6 {[%clk 00:33:07]} {[%emt 00:01:41]} 32. Rxh7+ {[%clk 00:00:57]} {[%emt
00:00:16]} Kf8 {[%clk 00:33:21]} {[%emt 00:00:16]} 33. Nd7+ {[%clk 00:00:33]}
{[%emt 00:00:55]} Kg8 {[%clk 00:32:32]} {[%emt 00:01:18]} 34. Nxb6 {[%clk
00:00:45]} {[%emt 00:00:19]} Kxh7 {[%clk 00:32:55]} {[%emt 00:00:06]} 35. Kf2
{[%clk 00:00:33]} {[%emt 00:00:43]} Kh6 {[%clk 00:33:00]} {[%emt 00:00:25]} 36.
Ke3 {[%clk 00:00:32]} {[%emt 00:00:31]} Kg5 {[%clk 00:32:50]} {[%emt 00:00:39]}
37. Nc8 {[%clk 00:00:32]} {[%emt 00:00:31]} Kf5 {[%clk 00:28:41]} {[%emt
00:04:39]} 38. Kd4 {[%clk 00:00:32]} {[%emt 00:00:30]} Kf4 {[%clk 00:27:50]}
{[%emt 00:01:21]} 39. Ne7 {[%clk 00:00:32]} {[%emt 00:00:31]} g5 {[%clk
00:27:16]} {[%emt 00:01:02]} 40. Ng6 {[%clk 00:00:32]} {[%emt 00:00:31]} Kf5
{[%clk 00:27:09]} {[%emt 00:00:37]} 41. Ne7+ {[%clk 00:00:33]} {[%emt
00:00:29]} Kf4 {[%clk 00:27:04]} {[%emt 00:00:34]} 42. a3 {[%clk 00:00:32]}
{[%emt 00:00:32]} c5+ {[%clk 00:25:12]} {[%emt 00:02:21]} 43. Kxc5 {[%clk
00:00:32]} {[%emt 00:00:29]} Kxe5 {[%clk 00:24:10]} {[%emt 00:01:33]} 44. b4
{[%clk 00:00:31]} {[%emt 00:00:31]} axb4 {[%clk 00:24:17]} {[%emt 00:00:24]}
45. axb4 {[%clk 00:00:45]} {[%emt 00:00:16]} Na6+ {[%clk 00:24:30]} {[%emt
00:00:17]} 46. Kb5 {[%clk 00:00:51]} {[%emt 00:00:23]} Nc7+ {[%clk 00:24:44]}
{[%emt 00:00:16]} 47. Kc6 {[%clk 00:01:04]} {[%emt 00:00:14]} Na6 {[%clk
00:24:01]} {[%emt 00:01:17]} 48. b5 {[%clk 00:01:15]} {[%emt 00:00:18]} Nb4+
{[%clk 00:24:27]} {[%emt 00:00:05]} 49. Kc7 {[%clk 00:01:24]} {[%emt 00:00:17]}
Ke4 {[%clk 00:23:58]} {[%emt 00:01:01]} 50. Kd6 {[%clk 00:00:32]} {[%emt
00:01:23]} 1-0

[Event "DEM U12 2025"]
[Site "Willingen GER"]
[Date "2025.06.12"]
[Round "7"]
[White "König, Lian"]
[Black "Baumann, Simon"]
[Result "0-1"]
[Termination "normal"]
[Board "29"]
[WhiteElo "1450"]
[BlackElo "1713"]
[WhiteClock "00:00:32"]
[BlackClock "00:50:55"]
[PlyCount "74"]
[WhiteFideId "34660216"]
[BlackFideId "34643664"]
[EventCountry "GER"]
[EventRounds "9"]
[EventType "swiss"]
[EventDate "2025.06.07"]

1. Nf3 {[%clk 01:30:58]} {[%emt 17:18:40]} d5 {[%clk 01:30:57]} {[%emt
00:00:05]} 2. g3 {[%clk 01:31:22]} {[%emt 00:00:06]} Nf6 {[%clk 01:31:23]}
{[%emt 00:00:04]} 3. Bg2 {[%clk 01:31:38]} {[%emt 00:00:14]} e6 {[%clk
01:31:50]} {[%emt 00:00:02]} 4. O-O {[%clk 01:31:53]} {[%emt 00:00:16]} c5
{[%clk 01:32:06]} {[%emt 00:00:15]} 5. d4 {[%clk 01:31:44]} {[%emt 00:00:39]}
Nc6 {[%clk 01:32:29]} {[%emt 00:00:06]} 6. c4 {[%clk 01:30:50]} {[%emt
00:01:24]} dxc4 {[%clk 01:32:54]} {[%emt 00:00:05]} 7. dxc5 {[%clk 01:25:07]}
{[%emt 00:06:13]} Qxd1 {[%clk 01:32:57]} {[%emt 00:00:27]} 8. Rxd1 {[%clk
01:24:38]} {[%emt 00:00:59]} Bxc5 {[%clk 01:33:23]} {[%emt 00:00:03]} 9. Na3
{[%clk 01:22:39]} {[%emt 00:02:30]} Bxa3 {[%clk 01:32:32]} {[%emt 00:01:21]}
10. bxa3 {[%clk 01:21:15]} {[%emt 00:01:54]} O-O {[%clk 01:31:31]} {[%emt
00:01:31]} 11. Bd2 {[%clk 01:14:46]} {[%emt 00:07:00]} Nd5 {[%clk 01:18:47]}
{[%emt 00:13:13]} 12. Rdc1 {[%clk 01:06:40]} {[%emt 00:08:36]} b5 {[%clk
01:13:33]} {[%emt 00:05:43]} 13. Rab1 {[%clk 01:02:26]} {[%emt 00:04:43]} a6
{[%clk 01:12:22]} {[%emt 00:01:44]} 14. Bb4 {[%clk 00:56:27]} {[%emt 00:06:26]}
Ncxb4 {[%clk 01:11:52]} {[%emt 00:01:01]} 15. axb4 {[%clk 00:56:08]} {[%emt
00:00:48]} Bb7 {[%clk 01:11:48]} {[%emt 00:00:35]} 16. Nd2 {[%clk 00:54:09]}
{[%emt 00:02:28]} f5 {[%clk 01:10:40]} {[%emt 00:01:37]} 17. Nf3 {[%clk
00:51:22]} {[%emt 00:03:18]} Rac8 {[%clk 01:10:14]} {[%emt 00:00:55]} 18. Nd4
{[%clk 00:47:39]} {[%emt 00:04:13]} Kf7 {[%clk 01:07:20]} {[%emt 00:03:24]} 19.
a3 {[%clk 00:43:05]} {[%emt 00:05:05]} Rfd8 {[%clk 01:06:14]} {[%emt 00:01:33]}
20. e3 {[%clk 00:35:32]} {[%emt 00:08:05]} Rc7 {[%clk 01:03:22]} {[%emt
00:03:22]} 21. Ne2 {[%clk 00:33:56]} {[%emt 00:02:06]} Nf6 {[%clk 00:58:19]}
{[%emt 00:05:32]} 22. Bxb7 {[%clk 00:23:07]} {[%emt 00:11:20]} Rxb7 {[%clk
00:58:43]} {[%emt 00:00:05]} 23. Rd1 {[%clk 00:22:25]} {[%emt 00:01:13]} Nd5
{[%clk 00:56:10]} {[%emt 00:03:02]} 24. Rbc1 {[%clk 00:18:32]} {[%emt
00:04:23]} Rc7 {[%clk 00:54:33]} {[%emt 00:02:08]} 25. Kf1 {[%clk 00:14:59]}
{[%emt 00:04:03]} Ke7 {[%clk 00:52:57]} {[%emt 00:02:05]} 26. Nc3 {[%clk
00:09:26]} {[%emt 00:06:04]} Nxc3 {[%clk 00:52:29]} {[%emt 00:00:58]} 27. Rxd8
{[%clk 00:09:39]} {[%emt 00:00:17]} Kxd8 {[%clk 00:52:50]} {[%emt 00:00:08]}
28. Rxc3 {[%clk 00:10:03]} {[%emt 00:00:06]} Rd7 {[%clk 00:53:08]} {[%emt
00:00:12]} 29. Ke2 {[%clk 00:10:00]} {[%emt 00:00:33]} Ke7 {[%clk 00:53:29]}
{[%emt 00:00:09]} 30. Ke1 {[%clk 00:05:30]} {[%emt 00:05:01]} Kd8 {[%clk
00:52:36]} {[%emt 00:01:23]} 31. Ke2 {[%clk 00:05:08]} {[%emt 00:00:52]} Kc7
{[%clk 00:52:59]} {[%emt 00:00:07]} 32. Ke1 {[%clk 00:03:49]} {[%emt 00:01:48]}
Kb6 {[%clk 00:53:05]} {[%emt 00:00:25]} 33. Ke2 {[%clk 00:01:16]} {[%emt
00:03:03]} a5 {[%clk 00:52:50]} {[%emt 00:00:44]} 34. Ke1 {[%clk 00:00:41]}
{[%emt 00:01:05]} axb4 {[%clk 00:52:29]} {[%emt 00:00:52]} 35. axb4 {[%clk
00:01:02]} {[%emt 00:00:09]} Ra7 {[%clk 00:52:56]} {[%emt 00:00:02]} 36. Rc1
{[%clk 00:00:40]} {[%emt 00:00:52]} Ra2 {[%clk 00:51:34]} {[%emt 00:01:52]} 37.
Rb1 {[%clk 00:00:32]} {[%emt 00:00:39]} Kc6 {[%clk 00:50:55]} {[%emt 00:01:08]}
0-1